000 00612nam a22001937a 4500
003 DO-SdBNP
005 20210421113733.0
007 ta
008 210421e2020 dr ac||gr|||| 00| 0 spa d
040 _aDO-SdBNP
_bspa
_cBNPHU
041 _hspa
082 _bE87M
245 1 0 _aEugenio de Jesús Marcano Fondeur :
_bel naturalista nacional /
_cCarlos Suriel , Celeste Mir , editores
260 _aSanto Domingo :
_bMuseo Nacional de Historia Natural ,
_c2020
490 _aEducación Semblanza ;
_v1
700 1 0 _aSuriel , Carlos.
_eeditor.
_957735
700 1 0 _aMir, Celeste ,
_eeditora.
_978449
942 _2ddc
_cLBS1
999 _c49771
_d49771